000 00235nam a2200097Ia 4500
001 735563
005 20250826163855.0
008 250824s9999 xx 000 0 und d
245 0 _aŞAKA GİBİ
_cGÜLDEM ŞAHAN
260 _bTUDEM YAYINLARI
999 _c735563
_d735563